000 00591nam a2200205Ia 4500
005 20240206094607.0
008 131103s9999 xx 000 0 und d
020 _a471536512
040 _aLoreto College
041 _aEnglish
082 _a370.15
_bLIN
245 _aCurrent Readings in Educational Psychology,
_cEdited by Henry Clay Lindgren & Fredrica Lindgren
250 _a2nd ed.
260 _aNew York
_bJohn Wiley & Sons
_c1968
300 _axi,513 p.
_b ill.,fig.,photos
504 _aIncludes index
700 _aLindgren,Henry Clay,ed.
850 _aLCLIB
942 _cBK
999 _c9040
_d59519